01397 a2200169 45000010006000000050017000060080041000230030015000640400040000790800149001192450043002682640032003113000019003435050828003620410008011901000029011985996420260407155852.0260407a1969 arg spa dAR-UNSa-BCEJYS aAR-UNSa-BCEJYSbspacAR-UNSa-BCEJYS a340.12xTendencias en la teoría del derecho. Escuelas, doctrinas jurídicas. Filosofía del derecho. Teorías sobre el Estado y el derecho 10aFilosofía del derecho constitucional 1aBuenos Aires :bEDIARc1969 a319 p.c20 cm. a1. La teoría trialista de Werner Goldschmidt – 2. Ser y deber-ser – 3. Las conductas y los repartos (y su relación con las normas) – 4. Las normas – 5. El reparto constituyente y los repartos constitucionales – 6. La constitución – 7. El derecho espontáneo – 8. El derecho judicial – 9. Validez y vigencia – 10. El fraccionamiento del régimen constitucional – 11. El poder constituyente – 12. La interpretación y la integración constitucionales – 13. Previsibilidad y coacción – 14. El valor justicia – 15. Aspectos de la justicia – 16. Los derechos individuales y su declaración a la luz del valor justicia – 17. La exigencia dikelógica de potencia (derechos) e impotencia (deberes) – 18. La injusticia y sus problemas fundamentales – 19. Los repartos autónomos -  aspa1 aBidart Campos, German J.